00568nai a2200145Ia 4500003000900000008004100009022002300050040001600073245004300089260008600132310001300218362002200231521006900253856010000322IN-BaIIA211028c9999 xx s 000 0 eng d a2692-8388 (Online) cIIA Library 0aIEEE Journal of Microwavesh[eJournal] aNew York, USAbThe Institute of Electrical and Electronics Engineers, Inc. (IEEE) aAnnually a1; 2021 - Present bSubscribed through National Knowledge Resource Consortium (NKRC) uhttps://ieeexplore.ieee.org/xpl/RecentIssue.jsp?punumber=9171629yClick Here to Access eJournal